02172cam a2200301 i 45000010009000000050017000090080041000260100017000670200018000840200018001020200018001200420008001380820017001462450077001632640056002403000049002963360026003453370028003713380027003995040051004265201159004776500027016366500020016637000018016837000019017017000019017207760131017392292253320250327125952.0230108s2024 enkad b 001 0 eng  a 2022056638 a9780367724269 a9780367722715 z9781003154747 apcc00a070.4493 SIL00aHow To Read Economic News : bA Critical Approach To Economic Journalism 1aAbingdon, Oxon ;aNew York, NY :bRoutledge,c2024. a323;. pages billustrations, charts ;c25 cm atextbtxt2rdacontent aunmediatedbn2rdamedia avolumebnc2rdacarrier aIncludes bibliographical references and index. a"Closely examining how the news media reports economic and financial matters, this book equips students with solid methodological skills for reading and interpreting the news alongside a toolkit for best practice as an economic journalist. How to Read Economic News combines theory and practice to explore the discourse surrounding economics in the mass media and how this specialised form of reporting can be improved. Beginning by introducing major concepts such as financialised economic reporting, media amnesia and loss of trust, the book goes on to help students to interpret, understand and analyse existing news discourse and to identify subtle biases in news reports stemming from hegemonic belief systems. The final section puts this analytical knowledge into practice, providing students with methods for the critical production of news and covering such skills as identifying newsworthiness, story sourcing, achieving clarity, and using complex datasets in news stories. This is a key text for students and academics in the fields of financial journalism and critical discourse analysis who wish to approach the subject with a critical eye"-- 0aJournalism; Commercial 0aMedia literacy.1 aSilke, Henry,1 aQuinn, Fergal,1 aRieder, Maria,08iOnline version:tHow to read economic newsdAbingdon, Oxon ; New York, NY : Routledge, 2024.z9781003154747w(DLC) 2022056639